000 00656nam a22001217a 4500
040 _cRUA
082 _aLMA KON 2025 B701 Or.1
100 _aKON MENG, កុន ម៉េង
245 _aStudy The procedures for systematic land registration in sambuor commune, lvea aem district, kandal province, សិក្សាពីនីតិវិធីក្នុងការចុះបញ្ជីដីធ្លីមានលក្ខណៈ ជាប្រព័ន្ធនៅឃុំសំបួរ ស្រុកល្វាឯមខេត្តកណ្ដាល
260 _aPHNOM PENH
_bRUA
_c2025
300 _axii,47p.
_bill.
_c29cm.
942 _cLMA
999 _c25772
_d25772